| 000 | 00369nam a2200157Ia 4500 | ||
|---|---|---|---|
| 008 | 150509s9999 xx 000 0 und d | ||
| 082 | _a368.012 CAR | ||
| 100 | _aCarter, R. L. | ||
| 245 | _aReinsurance | ||
| 260 | _aMiddlesex: | ||
| 260 | _bKluwer Publishing and M & G. | ||
| 260 | _c1979 | ||
| 300 | _axi,590. :ill. ;24cm | ||
| 500 | _aIndex | ||
| 650 | _aInsurance | ||
| 999 |
_c6542 _d6542 |
||